[Event "Wch Seniors 65 29th"]
[Site "Bucharest"]
[Date "2019.11.22"]
[Round "10"]
[White "Dumitrascu, Cornel"]
[Black "Serra Olives, Tomas"]
[Result "1-0"]
[WhiteElo "1985"]
[BlackElo "2147"]
[PlyCount "71"]
[EventDate "2019.11.12"]
[EventType "swiss"]
[EventRounds "11"]
[EventCountry "ROU"]
[SourceTitle "CBM 193 Extra"]
[Source "ChessBase"]
[SourceDate "2020.01.31"]
[SourceVersion "1"]
[SourceVersionDate "2020.01.31"]
[SourceQuality "1"]

1. d4 Nf6 2. c4 g6 3. Nc3 d5 4. cxd5 Nxd5 5. Bd2 Bg7 6. e4 Nxc3 7. Bxc3 0-0 8. h4 c5 9. d5 e6 10. h5 exd5 11. exd5 Re8+ 12. Be2 b6 13. Bxg7 Kxg7 14. Qd2 Qf6 15. hxg6 hxg6 16. 0-0-0 Nd7 17. Bb5 Rh8 18. Nf3 Rxh1 19. Rxh1 Kg8 20. Re1 Nf8 21. Bc6 Rb8 22. Re8 Qd6 23. Ne5 Bf5 24. Rxb8 Qxb8 25. d6 Ne6 26. Bd7 Qd8 27. g4 Bxg4 28. Nxg4 Nd4 29. Qe3 Qh4 30. Bc8 Qh1+ 31. Kd2 Qb1 32. Qc3 Kg7 33. d7 Qe4 34. Qd3 Nf3+ 35. Kc1 Qc6 36. Qc3+ 1-0

[Event "Wch Seniors 65 29th"]
[Site "Bucharest"]
[Date "2019.11.12"]
[Round "1"]
[White "Mochalov, Evgeny Veniaminovic"]
[Black "Dumitrascu, Cornel"]
[Result "1-0"]
[WhiteElo "2374"]
[BlackElo "1985"]
[PlyCount "60"]
[EventDate "2019.11.12"]
[EventType "swiss"]
[EventRounds "11"]
[EventCountry "ROU"]
[SourceTitle "CBM 193 Extra"]
[Source "ChessBase"]
[SourceDate "2020.01.31"]
[SourceVersion "1"]
[SourceVersionDate "2020.01.31"]
[SourceQuality "1"]

1. d4 Nf6 2. c4 e6 3. g3 d5 4. Nf3 Nbd7 5. Bg2 c6 6. 0-0 Be7 7. Qc2 0-0 8. Nbd2 b6 9. e4 Bb7 10. e5 Ne8 11. cxd5 cxd5 12. Re1 Rc8 13. Qa4 a5 14. Bf1 Bc6 15. Qd1 b5 16. Bd3 b4 17. Nf1 Qb6 18. Bg5 Qd8 19. Qd2 g6 20. Bh6 Ng7 21. h4 Re8 22. N1h2 Nf5 23. Ng4 Nxh6 24. Nxh6+ Kg7 25. Ng5 Bxg5 26. hxg5 Qb6 27. Qf4 Rf8 28. Rac1 Bb7 29. Rxc8 Bxc8 30. Rc1 Bb7 1-0

[Event "EU-ch Seniors 13th"]
[Site "Plovdiv"]
[Date "2013.03.19"]
[Round "9"]
[White "Dumitrascu, Cornel"]
[Black "Ozbilen, Hayri"]
[Result "1-0"]
[WhiteElo "2095"]
[BlackElo "2007"]
[PlyCount "67"]
[EventDate "2013.03.11"]
[EventType "swiss"]
[EventRounds "9"]
[EventCountry "BUL"]
[SourceTitle "CBM 153 Extra"]
[Source "ChessBase"]
[SourceDate "2013.04.22"]
[SourceVersion "1"]
[SourceVersionDate "2013.04.22"]
[SourceQuality "1"]

1. d4 Nf6 2. c4 c5 3. d5 b5 4. a4 bxc4 5. Nc3 g6 6. e4 d6 7. Bxc4 Bg7 8. f4 0-0 9. Nf3 Na6 10. 0-0 Rb8 11. e5 Nd7 12. Re1 Nb4 13. a5 Qc7 14. Nb5 Qd8 15. exd6 exd6 16. Nxd6 Nf6 17. Nxc8 Rxc8 18. d6 Rc6 19. Ne5 Rxd6 20. Qb3 Nfd5 21. Bd2 Bxe5 22. fxe5 Rd7 23. Bxb4 cxb4 24. e6 fxe6 25. Rxe6 Qg5 26. Rae1 Qd2 27. Rd1 Qf2+ 28. Kh1 Kg7 29. h3 Nf6 30. Rxd7+ Nxd7 31. Re7+ Kh6 32. Rxd7 Qe1+ 33. Kh2 Qe5+ 34. Qg3 1-0

[Event "ROM-ch"]
[Site "Sarata Monteoru"]
[Date "2012.02.18"]
[Round "8"]
[White "Voiteanu, Christian Gabriel"]
[Black "Dumitrascu, Cornel"]
[Result "1-0"]
[WhiteElo "2304"]
[BlackElo "2086"]
[PlyCount "43"]
[EventDate "2012.02.13"]
[EventType "swiss"]
[EventRounds "11"]
[EventCountry "ROU"]
[SourceTitle "CBM 147 Extra"]
[Source "ChessBase"]
[SourceDate "2012.04.24"]
[SourceVersion "1"]
[SourceVersionDate "2012.04.24"]
[SourceQuality "1"]

1. d4 e6 2. c4 Nf6 3. Nf3 Bb4+ 4. Bd2 c5 5. g3 b6 6. Bg2 Bb7 7. Bxb4 cxb4 8. a3 Qe7 9. 0-0 0-0 10. Qb3 bxa3 11. Rxa3 d6 12. Nc3 Rc8 13. d5 exd5 14. cxd5 Ba6 15. Rfa1 Qb7 16. Nd4 Rc5 17. Nc6 Bc4 18. Qd1 Nxc6 19. dxc6 Qc7 20. e4 Ra5 21. Rxa5 bxa5 22. Qa4 1-0

[Event "ROM-ch"]
[Site "Sarata Monteoru"]
[Date "2012.02.16"]
[Round "5"]
[White "Dumitrascu, Cornel"]
[Black "Olinici, Emanuel"]
[Result "1-0"]
[WhiteElo "2086"]
[BlackElo "1794"]
[PlyCount "89"]
[EventDate "2012.02.13"]
[EventType "swiss"]
[EventRounds "11"]
[EventCountry "ROU"]
[SourceTitle "CBM 147 Extra"]
[Source "ChessBase"]
[SourceDate "2012.04.24"]
[SourceVersion "1"]
[SourceVersionDate "2012.04.24"]
[SourceQuality "1"]

1. d4 d5 2. Nf3 c6 3. e3 Nf6 4. c4 e6 5. Nc3 Bd6 6. Qc2 0-0 7. Bd2 Nbd7 8. Bd3 dxc4 9. Bxc4 e5 10. 0-0 Re8 11. Ng5 Re7 12. Nce4 Nxe4 13. Nxe4 Bc7 14. Bb4 Re8 15. Qb3 Re7 16. Bxe7 Qxe7 17. Rfe1 b5 18. Bd3 Qh4 19. g3 Qh5 20. Qc2 Bb7 21. Nc5 Nxc5 22. dxc5 Re8 23. Rad1 Bc8 24. Be2 Qh6 25. a4 a6 26. axb5 cxb5 27. b4 Qh3 28. Bf3 Re6 29. Bg2 Qh5 30. Qe2 Qg5 31. Bh3 f5 32. e4 Rh6 33. Bxf5 Bxf5 34. exf5 Qxf5 35. Qe4 Qxe4 36. Rxe4 Rf6 37. Kf1 Kf8 38. Ke2 Ke7 39. f4 Ke6 40. fxe5 Bxe5 41. Rd6+ Kf5 42. Rxf6+ Kxf6 43. Kd3 h6 44. Re2 Ke6 45. Ra2 1-0

[Event "ROM-ch"]
[Site "Sarata Monteoru"]
[Date "2012.02.15"]
[Round "4"]
[White "Tiron, Lucian Ilie"]
[Black "Dumitrascu, Cornel"]
[Result "0-1"]
[WhiteElo "1846"]
[BlackElo "2086"]
[PlyCount "108"]
[EventDate "2012.02.13"]
[EventType "swiss"]
[EventRounds "11"]
[EventCountry "ROU"]
[SourceTitle "CBM 147 Extra"]
[Source "ChessBase"]
[SourceDate "2012.04.24"]
[SourceVersion "1"]
[SourceVersionDate "2012.04.24"]
[SourceQuality "1"]

1. e4 e6 2. d4 c5 3. c3 a6 4. Nf3 d5 5. e5 Bd7 6. Be3 cxd4 7. cxd4 Be7 8. Nc3 f5 9. Qd2 Nc6 10. Be2 b5 11. b3 Rc8 12. 0-0 Bb4 13. Rac1 Qa5 14. Qd3 Ba3 15. Rb1 Nge7 16. Bd2 Qb6 17. Bc1 Bb4 18. Bb2 Ng6 19. g3 0-0 20. a3 Be7 21. b4 Nh8 22. Na2 Be8 23. Nc1 f4 24. Qd2 Bg6 25. Bd3 fxg3 26. fxg3 Rf7 27. Kg2 Rcf8 28. Bxg6 Nxg6 29. Nd3 a5 30. Nc5 axb4 31. axb4 Bxc5 32. bxc5 Qc7 33. Bc3 Rb8 34. Bb4 Qc8 35. Ba5 Ra8 36. Bb6 b4 37. Ra1 Rxa1 38. Rxa1 h6 39. Ne1 Nge7 40. Nc2 Nf5 41. Nxb4 Nfxd4 42. Qb2 Nxb4 43. Qxd4 Nc2 44. Qc3 Nxa1 45. Qxa1 Qc6 46. Qd4 Rf8 47. Kh3 Ra8 48. Qf2 Ra4 49. Qf3 Re4 50. Qc3 Qb5 51. Qa1 Qe2 52. Bd8 Qg4+ 53. Kg2 Re2+ 54. Kg1 Qh3 0-1

[Event "ROM-ch op"]
[Site "Sarata Monteoru"]
[Date "2011.02.20"]
[Round "11"]
[White "Dumitrascu, Cornel"]
[Black "Ciobanu, Viorel Adrian"]
[Result "1/2-1/2"]
[WhiteElo "2090"]
[BlackElo "2240"]
[PlyCount "69"]
[EventDate "2011.02.12"]
[EventType "swiss"]
[EventRounds "11"]
[EventCountry "ROU"]
[SourceTitle "CBM 140 Extra"]
[Source "ChessBase"]
[SourceDate "2011.03.01"]
[SourceVersion "1"]
[SourceVersionDate "2011.03.01"]
[SourceQuality "1"]

1. d4 d5 2. Nf3 e6 3. c4 c5 4. cxd5 exd5 5. Nc3 Nc6 6. e3 Nf6 7. Be2 Bd6 8. 0-0 0-0 9. dxc5 Bxc5 10. b3 Be6 11. Nb5 Qe7 12. Bb2 Ne4 13. Nbd4 Bd7 14. Rc1 Nxd4 15. Nxd4 a6 16. Qd3 Bd6 17. Nf3 Be6 18. Rfd1 Rad8 19. g3 Rfe8 20. Nd2 Nxd2 21. Rxd2 Qg5 22. h4 Qh6 23. Bf3 Bb8 24. Rdc2 Bh3 25. Qd4 Be5 26. Qd2 Bxb2 27. Rxb2 Qf6 28. Bg2 Bxg2 29. Kxg2 d4 30. exd4 Rxd4 31. Qc3 h5 32. Qf3 Qxf3+ 33. Kxf3 Re6 34. Rc5 g6 35. Rbc2 1/2-1/2

[Event "ROM-ch op"]
[Site "Sarata Monteoru"]
[Date "2011.02.18"]
[Round "9"]
[White "Dumitrascu, Cornel"]
[Black "Florescu, Codrut Constantin"]
[Result "1/2-1/2"]
[WhiteElo "2090"]
[BlackElo "2226"]
[PlyCount "112"]
[EventDate "2011.02.12"]
[EventType "swiss"]
[EventRounds "11"]
[EventCountry "ROU"]
[SourceTitle "EXT 2013"]
[Source "ChessBase"]
[SourceDate "2012.11.22"]
[SourceVersion "1"]
[SourceVersionDate "2012.11.22"]
[SourceQuality "1"]

1. d4 Nf6 2. c4 e6 3. Nf3 b6 4. e3 Bb7 5. Bd3 d5 6. 0-0 Bd6 7. b3 0-0 8. Bb2 Ne4 9. Nbd2 Nd7 10. Qe2 a6 11. Ne5 Bxe5 12. dxe5 Nxd2 13. Qxd2 Nc5 14. Rfd1 Nxd3 15. Qxd3 Qg5 16. cxd5 exd5 17. f4 Qg4 18. Rd2 a5 19. Rf2 a4 20. Rf3 Ba6 21. Qc3 c5 22. Rg3 Qf5 23. Rg5 Qe4 24. Re1 h6 25. Rg3 Ra7 26. Qd2 Bb5 27. f5 Qxf5 28. e4 Qh5 29. exd5 axb3 30. axb3 Rd7 31. Rxg7+ Kxg7 32. e6+ Kh7 33. exd7 Bxd7 34. Rf1 f5 35. Re1 Re8 36. Qc3 Rxe1+ 37. Qxe1 Qe8 38. Qc3 Qf7 39. Qe5 b5 40. Kf2 c4 41. bxc4 bxc4 42. g3 Ba4 43. Ke3 Qe8 44. Qxe8 Bxe8 45. Kd4 Kg6 46. Kxc4 Kf7 47. Kd4 Kf6 48. Bc1 h5 49. Kc5 Ke7 50. Bg5+ Kd7 51. Kd4 Kd6 52. Bd2 Ba4 53. Bb4+ Kd7 54. Ke5 Bb3 55. d6 Bc2 56. h4 Bd3 1/2-1/2

[Event "ROM-ch op"]
[Site "Sarata Monteoru"]
[Date "2011.02.13"]
[Round "2"]
[White "Dumitrascu, Cornel"]
[Black "Vasilescu, Lucian Mihail"]
[Result "0-1"]
[WhiteElo "2090"]
[BlackElo "2298"]
[PlyCount "48"]
[EventDate "2011.02.12"]
[EventType "swiss"]
[EventRounds "11"]
[EventCountry "ROU"]
[SourceTitle "CBM 140 Extra"]
[Source "ChessBase"]
[SourceDate "2011.03.01"]
[SourceVersion "1"]
[SourceVersionDate "2011.03.01"]
[SourceQuality "1"]

1. d4 d5 2. Nf3 Nf6 3. c4 e6 4. Nc3 Nbd7 5. Bg5 Bb4 6. cxd5 exd5 7. e3 c5 8. Be2 Qa5 9. Bxf6 Nxf6 10. 0-0 Bxc3 11. bxc3 c4 12. Qc2 0-0 13. Nd2 Re8 14. Rfe1 g6 15. Bf1 Bf5 16. Qb2 b5 17. a4 bxa4 18. Ra3 Rab8 19. Qa2 Rb7 20. Rc1 Bd7 21. Rb1 Rxb1 22. Qxb1 Qb6 23. Qa2 Rb8 24. f3 Qb2 0-1

[Event "ROM-ch op"]
[Site "Sarata Monteoru"]
[Date "2011.02.12"]
[Round "1"]
[White "Galupa, Vasile"]
[Black "Dumitrascu, Cornel"]
[Result "0-1"]
[WhiteElo "1576"]
[BlackElo "2090"]
[PlyCount "66"]
[EventDate "2011.02.12"]
[EventType "swiss"]
[EventRounds "11"]
[EventCountry "ROU"]
[SourceTitle "EXT 2013"]
[Source "ChessBase"]
[SourceDate "2012.11.22"]
[SourceVersion "1"]
[SourceVersionDate "2012.11.22"]
[SourceQuality "1"]

1. d4 e6 2. c4 f5 3. g3 Nf6 4. Bg2 Bb4+ 5. Bd2 Be7 6. Nc3 d5 7. cxd5 exd5 8. Nf3 c6 9. a3 0-0 10. 0-0 Ne4 11. Be1 Nd7 12. e3 Bd6 13. Nxe4 fxe4 14. Nd2 Nf6 15. f3 exf3 16. Nxf3 Qe7 17. Bd2 Bg4 18. b4 Rae8 19. Qb3 Ne4 20. Bc1 a6 21. Nd2 Rxf1+ 22. Nxf1 Kh8 23. Qd3 Ng5 24. Ra2 Rf8 25. Kh1 Qf7 26. h4 Ne4 27. Nh2 Nf2+ 28. Rxf2 Qxf2 29. Nxg4 Qe1+ 30. Kh2 Qxg3+ 31. Kg1 Qxg4 32. e4 dxe4 33. Qxe4 Qd1+ 0-1